| 000 | 01115nam a22003257a 4500 | ||
|---|---|---|---|
| 003 | CHAP | ||
| 005 | 20220329135127.0 | ||
| 008 | 971013s1955 r 00010 d | ||
| 010 | _a31343 | ||
| 011 | _a32315 | ||
| 035 | _a36430 | ||
| 040 | _cCHAP | ||
| 090 | _aTesis | ||
| 100 | 0 | 0 |
_aMartín Cruz, Agustín. _971696 |
| 245 | _aTrabajos experimentales con cruzas de trigos resistentes al chahuixtle del tallo | ||
| 260 |
_aChapingo, Méx. : _bEl autor, _c1955 |
||
| 300 |
_a34 h. _b: ilus |
||
| 502 | _aTesis (Ing. Agr. Esp. en Parasitología Agrícola) -- ENA. Departamento de Parasitología Agrícola | ||
| 590 |
_aALEPH _b10 _c20130110 _lUCH01 _h1253 |
||
| 590 |
_aBATCH-UPD _b10 _c20130110 _lUCH01 _h1605 |
||
| 590 |
_aBATCH-UPD _b10 _c20130410 _lUCH01 _h1001 |
||
| 590 |
_aBATCH-UPD _b10 _c20130914 _lUCH01 _h1941 |
||
| 590 |
_aCONVERSION _b10 _c20130109 _lUCH01 _h1318 |
||
| 650 | 1 | 4 |
_aRoya del trigo. _9100390 |
| 650 | 1 | 4 |
_aTrigo _xVariedades resistentes a enfermedades. _9115120 |
| 901 | _aBK | ||
| 942 | _cFOLL | ||
| 949 |
_bBC _cTES _d-84026 _eTS1 _i36430 _si |
||
| 949 |
_bBC _cTES _d-84027 _eTS2 _fc.2 _i36430 _si |
||
| 999 |
_c31343 _d31343 |
||